Knowledge and Systems Sciences 20th International Symposium, KSS 2019, Da Nang, Vietnam, November 29 - December 1, 2019, Proceedings /

This book constitutes the refereed proceedings of the 20th International Symposium, KSS 2019, held in Da Nang, Vietnam, in November 2019. The 14 revised full papers presented were carefully reviewed and selected from 31 submissions. This year KSS provides opportunities for presenting interesting new...

Πλήρης περιγραφή

Λεπτομέρειες βιβλιογραφικής εγγραφής
Συγγραφή απο Οργανισμό/Αρχή: SpringerLink (Online service)
Άλλοι συγγραφείς: Chen, Jian (Επιμελητής έκδοσης, http://id.loc.gov/vocabulary/relators/edt), Huynh, Van Nam (Επιμελητής έκδοσης, http://id.loc.gov/vocabulary/relators/edt), Nguyen, Gia-Nhu (Επιμελητής έκδοσης, http://id.loc.gov/vocabulary/relators/edt), Tang, Xijin (Επιμελητής έκδοσης, http://id.loc.gov/vocabulary/relators/edt)
Μορφή: Ηλεκτρονική πηγή Ηλ. βιβλίο
Γλώσσα:English
Έκδοση: Singapore : Springer Singapore : Imprint: Springer, 2019.
Έκδοση:1st ed. 2019.
Σειρά:Communications in Computer and Information Science, 1103
Θέματα:
Διαθέσιμο Online:Full Text via HEAL-Link
LEADER 04304nam a2200553 4500
001 978-981-15-1209-4
003 DE-He213
005 20191101141507.0
007 cr nn 008mamaa
008 191031s2019 si | s |||| 0|eng d
020 |a 9789811512094  |9 978-981-15-1209-4 
024 7 |a 10.1007/978-981-15-1209-4  |2 doi 
040 |d GrThAP 
050 4 |a QA76.9.D343 
072 7 |a UNF  |2 bicssc 
072 7 |a COM021030  |2 bisacsh 
072 7 |a UNF  |2 thema 
072 7 |a UYQE  |2 thema 
082 0 4 |a 006.312  |2 23 
245 1 0 |a Knowledge and Systems Sciences  |h [electronic resource] :  |b 20th International Symposium, KSS 2019, Da Nang, Vietnam, November 29 - December 1, 2019, Proceedings /  |c edited by Jian Chen, Van Nam Huynh, Gia-Nhu Nguyen, Xijin Tang. 
250 |a 1st ed. 2019. 
264 1 |a Singapore :  |b Springer Singapore :  |b Imprint: Springer,  |c 2019. 
300 |a XVI, 201 p. 83 illus., 60 illus. in color.  |b online resource. 
336 |a text  |b txt  |2 rdacontent 
337 |a computer  |b c  |2 rdamedia 
338 |a online resource  |b cr  |2 rdacarrier 
347 |a text file  |b PDF  |2 rda 
490 1 |a Communications in Computer and Information Science,  |x 1865-0929 ;  |v 1103 
505 0 |a Estimating the Optimal Number of Clusters in Categorical Data Clustering by Silhouette Coefficient -- An Improved Two-Stage Multi-Person Pose Estimation Model -- A fuzzy AHP-TOPSIS approach for selecting the multimodal freight transportation routes -- Evolution Analysis of Newcomer-Task Network Structure of Enterprise Information System: A Case Study of a Shipbuilding Enterprise -- Online Knowledge Community Governance Based on Blockchain Token Incentives -- The Formation and Effect of Affect in Knowledge Intensive Team: A Dynamic Computational Model -- Evolutionary Analysis of Developer Collaboration Network in Cloud Foundry OSS Community -- A Model of Minority Influence in Preferenced Norm Formation -- A Knowledge Points and Cognitive Verb Labeling Strategy for Test Questions Based on Crowdsourcing Mode -- Evaluation Algorithm for the Importance of Nodes in Directed-Weighted Networks Based on Transfer Capability Matrix -- Opinion dynamics considering social comparison in online social networks -- Research on Dissemination Value of Micro-blog Information and Empirical Study -- Understanding public opinions shift of societal emergencies through microblogging streams -- Time to Liquidation of SMEs: The Predictability of Survival Models. 
520 |a This book constitutes the refereed proceedings of the 20th International Symposium, KSS 2019, held in Da Nang, Vietnam, in November 2019. The 14 revised full papers presented were carefully reviewed and selected from 31 submissions. This year KSS provides opportunities for presenting interesting new research results, facilitating interdisciplinary discussions, and leading to knowledge transfer under the theme of "Knowledge Science in the Age of Big Data". 
650 0 |a Data mining. 
650 0 |a Application software. 
650 0 |a Computer communication systems. 
650 1 4 |a Data Mining and Knowledge Discovery.  |0 http://scigraph.springernature.com/things/product-market-codes/I18030 
650 2 4 |a Information Systems Applications (incl. Internet).  |0 http://scigraph.springernature.com/things/product-market-codes/I18040 
650 2 4 |a Computer Appl. in Social and Behavioral Sciences.  |0 http://scigraph.springernature.com/things/product-market-codes/I23028 
650 2 4 |a Computer Communication Networks.  |0 http://scigraph.springernature.com/things/product-market-codes/I13022 
700 1 |a Chen, Jian.  |e editor.  |4 edt  |4 http://id.loc.gov/vocabulary/relators/edt 
700 1 |a Huynh, Van Nam.  |e editor.  |4 edt  |4 http://id.loc.gov/vocabulary/relators/edt 
700 1 |a Nguyen, Gia-Nhu.  |e editor.  |4 edt  |4 http://id.loc.gov/vocabulary/relators/edt 
700 1 |a Tang, Xijin.  |e editor.  |4 edt  |4 http://id.loc.gov/vocabulary/relators/edt 
710 2 |a SpringerLink (Online service) 
773 0 |t Springer eBooks 
776 0 8 |i Printed edition:  |z 9789811512087 
776 0 8 |i Printed edition:  |z 9789811512100 
830 0 |a Communications in Computer and Information Science,  |x 1865-0929 ;  |v 1103 
856 4 0 |u https://doi.org/10.1007/978-981-15-1209-4  |z Full Text via HEAL-Link 
912 |a ZDB-2-SCS 
950 |a Computer Science (Springer-11645)